|
|
|
|
| LEADER |
01096nam a2200301 a 4500 |
| 001 |
15629084 |
| 008 |
130312s2009 dcua b 000 0 eng d |
| 010 |
|
|
|a 2009285373
|
| 020 |
|
|
|a 9780821377994
|
| 020 |
|
|
|a 9780821378014
|
| 020 |
|
|
|a 082137799X
|
| 022 |
|
|
|a 1014-8906
|
| 040 |
|
|
|a DLC
|c DLC
|d BD-DhAAL
|
| 082 |
0 |
0 |
|a 330.9172/4
|2 22
|
| 245 |
0 |
0 |
|a Global economic prospects :
|b commodities at the crossroads.
|
| 260 |
|
|
|a Washington, DC :
|b World Bank,
|c 2009.
|
| 300 |
|
|
|a xv, 180 p. :
|b ill. ;
|c 27 cm.
|
| 504 |
|
|
|a Includes bibliographical references.
|
| 541 |
1 |
|
|e 00026566
|
| 650 |
|
0 |
|a Economic forecasting
|z Developing countries.
|
| 650 |
|
0 |
|a Economic forecasting.
|
| 650 |
|
0 |
|a Economic history
|y 1990-
|
| 650 |
|
0 |
|a International economic relations.
|
| 651 |
|
0 |
|a Developing countries
|x Economic conditions.
|
| 710 |
2 |
|
|a World Bank.
|
| 852 |
1 |
|
|a Ayesha Abed Library
|j General Shelf.
|
| 999 |
|
|
|c 13235
|d 13235
|
| 952 |
|
|
|0 0
|1 0
|2 ddc
|4 0
|6 330_917240000000000_GLO
|7 0
|9 22018
|a IGS
|b IGS
|c GEN
|d 2013-03-12
|e MIDAS
|g 1620.00
|l 1
|o 330.91724 GLO
|p 3010026566
|r 2013-03-19
|s 2013-03-19
|t 1
|w 2013-03-12
|y BK
|